[Event "Paleochora op 12th"]
[Site "Paleochora"]
[Date "2019.07.15"]
[Round "4"]
[White "Hracek, Zbynek"]
[Black "Papadopoulos, Argirios"]
[Result "1-0"]
[WhiteElo "2574"]
[BlackElo "2222"]
[PlyCount "81"]
[EventDate "2019.07.13"]
[EventType "swiss"]
[EventRounds "9"]
[EventCountry "GRE"]
[SourceTitle "EXT 2020"]
[Source "ChessBase"]
[SourceDate "2019.10.17"]
[SourceVersion "1"]
[SourceVersionDate "2019.10.17"]
[SourceQuality "1"]

1. c4 e6 2. Nc3 Bb4 3. g3 Nf6 4. e4 e5 5. Nge2 Nc6 6. Bg2 Bc5 7. 0-0 a5 8. d3 d6 9. h3 Bd7 10. Kh2 h5 11. Nd5 h4 12. g4 Nxd5 13. exd5 Nd4 14. f4 Nxe2 15. Qxe2 Qe7 16. f5 Bd4 17. Be3 Bxe3 18. Qxe3 c5 19. f6 gxf6 20. Be4 Rb8 21. a4 Kd8 22. b3 Kc7 23. Ra2 Rbg8 24. Raf2 f5 25. Bxf5 Be8 26. Be4 Qg5 27. Qe1 b6 28. Rf5 Qg7 29. Qf2 Rh6 30. Rf6 Rgh8 31. Rxf7+ Bxf7 32. Qxf7+ Qxf7 33. Rxf7+ Kd8 34. g5 Rh5 35. g6 Rg5 36. g7 Re8 37. Bh7 e4 38. dxe4 Kc8 39. Rf8 Rxg7 40. Rxe8+ Kd7 41. Rh8 1-0

[Event "EU-Cup 34th"]
[Site "Porto Carras"]
[Date "2018.10.18"]
[Round "7.1"]
[White "Saraci, Nderim"]
[Black "Papadopoulos, Argirios"]
[Result "0-1"]
[WhiteElo "2402"]
[BlackElo "2213"]
[PlyCount "108"]
[EventDate "2018.10.12"]
[EventType "team-swiss"]
[EventRounds "7"]
[EventCountry "GRE"]
[SourceTitle "CBM 187"]
[Source "ChessBase"]
[SourceDate "2018.12.11"]
[SourceVersion "1"]
[SourceVersionDate "2018.12.11"]
[SourceQuality "1"]
[WhiteTeam "Drejtesia"]
[BlackTeam "Chania Chess Academy"]
[WhiteTeamCountry "KOS"]
[BlackTeamCountry "GRE"]

1. e4 e5 2. Nf3 Nc6 3. Bc4 Bc5 4. c3 Nf6 5. d3 0-0 6. 0-0 d6 7. a4 a5 8. Nbd2 Re8 9. Re1 Ba7 10. Qb3 Qe7 11. Nf1 Nd8 12. Be3 Bxe3 13. Nxe3 Be6 14. Nd5 Nxd5 15. exd5 Bg4 16. Re3 Bxf3 17. Rxf3 b6 18. Re1 g6 19. d4 e4 20. Rfe3 f5 21. f3 Nf7 22. fxe4 fxe4 23. Bb5 Rf8 24. Rxe4 Qg5 25. Qc4 Nh6 26. Qe2 Nf5 27. Qg4 Qxg4 28. Rxg4 Rf6 29. Rge4 Raf8 30. g3 Ng7 31. Re7 R8f7 32. Rxf7 Rxf7 33. Kg2 Nf5 34. Bd3 Re7 35. Re6 Ne3+ 36. Kf3 Nxd5 37. Bc4 Rxe6 38. Bxd5 Kf7 39. Kf4 h6 40. h4 Ke7 41. Bxe6 Kxe6 42. c4 d5 43. cxd5+ Kxd5 44. g4 Kxd4 45. h5 gxh5 46. gxh5 c6 47. Kf5 b5 48. Kg6 Ke5 49. Kxh6 Kf6 50. Kh7 Kf7 51. axb5 cxb5 52. h6 b4 53. Kh8 Kg6 54. h7 Kf7 0-1

[Event "EU-Cup 34th"]
[Site "Porto Carras"]
[Date "2018.10.12"]
[Round "1.1"]
[White "Papadopoulos, Argirios"]
[Black "Riemersma, Liafbern"]
[Result "0-1"]
[WhiteElo "2213"]
[BlackElo "2460"]
[PlyCount "94"]
[EventDate "2018.10.12"]
[EventType "team-swiss"]
[EventRounds "7"]
[EventCountry "GRE"]
[SourceTitle "CBM 187"]
[Source "ChessBase"]
[SourceDate "2018.12.11"]
[SourceVersion "1"]
[SourceVersionDate "2018.12.11"]
[SourceQuality "1"]
[WhiteTeam "Chania Chess Academy"]
[BlackTeam "BSG"]
[WhiteTeamCountry "GRE"]
[BlackTeamCountry "NED"]

1. e4 c5 2. Nf3 e6 3. d4 cxd4 4. Nxd4 Nc6 5. Nc3 Qc7 6. Be2 a6 7. 0-0 Nf6 8. Be3 d6 9. f4 Be7 10. Bf3 0-0 11. g4 Nxd4 12. Bxd4 e5 13. g5 exd4 14. gxf6 dxc3 15. fxe7 Qxe7 16. bxc3 Be6 17. Qd4 Rac8 18. f5 Bc4 19. Rf2 f6 20. Rd2 Rfd8 21. a4 Bf7 22. Rb1 Rc4 23. Qa7 Rc7 24. Rd4 Be8 25. Rdb4 Bc6 26. Qd4 a5 27. Rc4 Qe5 28. Qxe5 fxe5 29. Rb5 Ra8 30. Kf2 Rd7 31. Rb6 Kf7 32. Be2 Ke7 33. Rcxc6 bxc6 34. Rxc6 Raa7 35. c4 Rdc7 36. Rb6 Rcb7 37. Rb5 Kd7 38. Ke3 Rxb5 39. cxb5 Kc7 40. Kd3 Kb6 41. Bh5 Kc5 42. Be8 Ra8 43. Bf7 Rf8 44. Be6 Rf6 45. Bd7 Rh6 46. b6 Rh3+ 47. Kd2 Kxb6 0-1

[Event "Paleochora op 11th"]
[Site "Paleochora"]
[Date "2018.07.24"]
[Round "8"]
[White "Papadopoulos, Argirios"]
[Black "Neelotpal, Das"]
[Result "0-1"]
[WhiteElo "2256"]
[BlackElo "2426"]
[PlyCount "76"]
[EventDate "2018.07.18"]
[EventType "swiss"]
[EventRounds "9"]
[EventCountry "GRE"]
[SourceTitle "CBM 186 Extra"]
[Source "ChessBase"]
[SourceDate "2018.08.24"]
[SourceVersion "1"]
[SourceVersionDate "2018.08.24"]
[SourceQuality "1"]

1. e4 e5 2. Nf3 Nc6 3. Bb5 a6 4. Ba4 Nf6 5. 0-0 Be7 6. Re1 b5 7. Bb3 d6 8. c3 0-0 9. h3 Na5 10. Bc2 c5 11. d4 Nd7 12. Nbd2 exd4 13. cxd4 Nc6 14. d5 Nce5 15. Nxe5 Nxe5 16. f4 Ng6 17. f5 Ne5 18. Nf3 Bf6 19. g4 Re8 20. Rb1 a5 21. Nxe5 Bxe5 22. g5 c4 23. Qf3 b4 24. Ba4 Bd7 25. Bxd7 Qxd7 26. f6 c3 27. bxc3 bxc3 28. fxg7 c2 29. Rb3 a4 30. Rd3 Rab8 31. Qg2 Rec8 32. Rf3 Rb1 33. Rff1 Rc3 34. Rf3 Qa7+ 35. Kh1 Qd4 36. Qg4 Rxc1 37. Rxc1 Qd2 38. Rxc2 Rxc2 0-1

[Event "GRE-chT 46th"]
[Site "Rio Achaia"]
[Date "2018.07.13"]
[Round "5.2"]
[White "Papadopoulos, Argirios"]
[Black "Kalogeris, Ioannis"]
[Result "0-1"]
[WhiteElo "2256"]
[BlackElo "2339"]
[PlyCount "42"]
[EventDate "2018.07.10"]
[EventType "team"]
[EventRounds "7"]
[EventCountry "GRE"]
[SourceTitle "CBM 185 Extra"]
[Source "ChessBase"]
[SourceDate "2018.07.29"]
[SourceVersion "1"]
[SourceVersionDate "2018.07.29"]
[SourceQuality "1"]
[WhiteTeam "Chania"]
[BlackTeam "Thessaloniki"]
[WhiteTeamCountry "GRE"]
[BlackTeamCountry "GRE"]

1. e4 e5 2. Nf3 Nc6 3. Bb5 Nf6 4. d3 Bc5 5. 0-0 Nd4 6. Nxd4 Bxd4 7. c3 Bb6 8. d4 0-0 9. dxe5 Nxe4 10. Bd3 d5 11. exd6 Nxf2 12. Rxf2 Qxd6 13. Qf3 Bg4 14. Qxg4 Qxd3 15. Qf3 Rad8 16. Nd2 Bxf2+ 17. Kxf2 Qc2 18. Kg1 Rfe8 19. Nf1 Rd1 20. Qf4 Ree1 21. Be3 Rxa1 0-1

[Event "EU-chT (Men) 21st"]
[Site "Heraklion"]
[Date "2017.11.06"]
[Round "9.4"]
[White "Christiansen, Johan Sebastian"]
[Black "Papadopoulos, Argirios"]
[Result "1-0"]
[WhiteElo "2462"]
[BlackElo "2182"]
[PlyCount "65"]
[EventDate "2017.10.28"]
[EventType "team-swiss"]
[EventRounds "9"]
[EventCountry "GRE"]
[SourceTitle "CBM 182"]
[Source "ChessBase"]
[SourceDate "2018.01.17"]
[SourceVersion "1"]
[SourceVersionDate "2018.01.17"]
[SourceQuality "1"]
[WhiteTeam "Norway"]
[BlackTeam "Greece Crete"]
[WhiteTeamCountry "NOR"]
[BlackTeamCountry "GRE"]

1. e4 e5 2. Nf3 Nc6 3. d4 exd4 4. Nxd4 Bc5 5. Be3 Qf6 6. c3 Nge7 7. Bb5 0-0 8. 0-0 a6 9. Ba4 b5 10. Bc2 Bb7 11. Qh5 Qe5 12. Qd1 Rad8 13. f4 Qf6 14. a3 Qh6 15. Qe2 f5 16. Nxf5 Bxe3+ 17. Qxe3 Nxf5 18. exf5 Rde8 19. Qd3 Rf6 20. Qxd7 Re2 21. Bb3+ Kh8 22. Qxc7 Re7 23. Qb6 Rxf5 24. Nd2 g6 25. Rae1 Rxe1 26. Rxe1 Qxf4 27. Nf3 Qb8 28. Re7 Qf8 29. Rxb7 Qh6 30. Qf2 Qc1+ 31. Qe1 Qf4 32. Qd2 Qg4 33. Be6 1-0

[Event "Paleochora op 10th"]
[Site "Paleochora"]
[Date "2017.07.22"]
[Round "5"]
[White "Papadopoulos, Argirios"]
[Black "Reshef, Omer"]
[Result "0-1"]
[WhiteElo "2176"]
[BlackElo "2442"]
[PlyCount "120"]
[EventDate "2017.07.19"]
[EventType "swiss"]
[EventRounds "9"]
[EventCountry "GRE"]
[SourceTitle "EXT 2018"]
[Source "ChessBase"]
[SourceDate "2017.10.13"]
[SourceVersion "1"]
[SourceVersionDate "2017.10.13"]
[SourceQuality "1"]

1. e4 e5 2. Nf3 Nc6 3. Bb5 a6 4. Ba4 Nf6 5. 0-0 d6 6. Re1 Bd7 7. c3 g6 8. d4 b5 9. Bc2 Bg7 10. dxe5 dxe5 11. Be3 Qe7 12. b4 Be6 13. a4 Rb8 14. Na3 Qd7 15. Qe2 0-0 16. Red1 Qc8 17. axb5 axb5 18. Nxb5 Nh5 19. Na7 Nxa7 20. Bxa7 Nf4 21. Qf1 Ra8 22. Bc5 Rxa1 23. Rxa1 Rd8 24. Be3 Bg4 25. Bxf4 exf4 26. Qc4 Qd7 27. Ra7 Be6 28. Qe2 Bxc3 29. Ng5 Bxb4 30. Nxe6 fxe6 31. h3 Bc5 32. Ra2 Qd2 33. Qxd2 Rxd2 34. Bb3 Rd6 35. Kf1 Kf7 36. Ke2 Bb6 37. Rc2 Kf6 38. Bc4 Ke5 39. Bd3 h5 40. Rc4 Bxf2 41. Rxc7 Bd4 42. Rb7 Rc6 43. Rb5+ Kf6 44. Rb4 Be5 45. Rb7 Rc1 46. Rb1 Rc3 47. Rd1 Ra3 48. Rd2 g5 49. Rc2 Bc3 50. Bc4 Bd4 51. Bd3 g4 52. hxg4 hxg4 53. Rc8 Ra1 54. Rd8 Ra2+ 55. Ke1 Ke5 56. Be2 Kxe4 57. Bxg4 Ke3 58. Bf3 Ra1+ 59. Bd1 Bc3+ 60. Kf1 Bd2 0-1

[Event "Paleochora op 10th"]
[Site "Paleochora"]
[Date "2017.07.20"]
[Round "2"]
[White "Banikas, Hristos"]
[Black "Papadopoulos, Argirios"]
[Result "1-0"]
[WhiteElo "2567"]
[BlackElo "2176"]
[PlyCount "77"]
[EventDate "2017.07.19"]
[EventType "swiss"]
[EventRounds "9"]
[EventCountry "GRE"]
[SourceTitle "EXT 2018"]
[Source "ChessBase"]
[SourceDate "2017.10.13"]
[SourceVersion "1"]
[SourceVersionDate "2017.10.13"]
[SourceQuality "1"]

1. Nf3 Nf6 2. c4 e6 3. d4 b6 4. g3 Ba6 5. Nbd2 c5 6. e4 d6 7. Bg2 Bb7 8. 0-0 cxd4 9. Nxd4 a6 10. Re1 Qc7 11. a4 Nbd7 12. a5 Rc8 13. axb6 Nxb6 14. b3 Be7 15. Bb2 0-0 16. Qe2 Rfe8 17. e5 dxe5 18. Qxe5 Qxe5 19. Rxe5 Bxg2 20. Kxg2 Bb4 21. Nb1 Nfd7 22. Re3 a5 23. Nc3 Nc5 24. Ncb5 Red8 25. Na7 Ra8 26. Nac6 Rd7 27. Kf1 Nb7 28. Nxb4 axb4 29. Rxa8+ Nxa8 30. Ke2 Na5 31. Re5 Nb7 32. Rb5 f6 33. Nxe6 Re7 34. Kf3 Rxe6 35. Rxb7 Rb6 36. Rxb6 Nxb6 37. Bd4 Nd7 38. Ke4 Kf7 39. Kd5 1-0

[Event "Anogia op 6th"]
[Site "Anogia"]
[Date "2017.07.16"]
[Round "8"]
[White "Papadopoulos, Panayotis"]
[Black "Papadopoulos, Argirios"]
[Result "1/2-1/2"]
[WhiteElo "2172"]
[BlackElo "2176"]
[PlyCount "152"]
[EventDate "2017.07.10"]
[EventType "swiss"]
[EventRounds "9"]
[EventCountry "GRE"]
[SourceTitle "CBM 179 Extra"]
[Source "ChessBase"]
[SourceDate "2017.08.23"]
[SourceVersion "1"]
[SourceVersionDate "2017.08.23"]
[SourceQuality "1"]

1. d4 Nf6 2. Bf4 g6 3. Nf3 Bg7 4. e3 0-0 5. Be2 d6 6. h3 c5 7. c3 Qb6 8. Qb3 Be6 9. Qa3 Nc6 10. Nbd2 Qa5 11. Qxa5 Nxa5 12. 0-0 cxd4 13. exd4 Rfc8 14. Rfe1 Kf8 15. Bg5 h6 16. Bxf6 Bxf6 17. Bd3 Bd7 18. Re2 Rab8 19. Rae1 Nc6 20. Nf1 Bg7 21. Ne3 b5 22. a3 a5 23. h4 b4 24. axb4 axb4 25. h5 g5 26. d5 Ne5 27. Nxe5 Bxe5 28. Bf5 e6 29. dxe6 fxe6 30. Bh3 bxc3 31. bxc3 Rxc3 32. Ng4 Bg7 33. Nh2 Re8 34. Bxe6 Rxe6 35. Rxe6 Bxe6 36. Rxe6 Rc1+ 37. Nf1 d5 38. g3 d4 39. Kg2 Kf7 40. Ra6 Rc2 41. Ra7+ Kf8 42. Ra8+ Kf7 43. Ra7+ Kg8 44. Ra8+ Kh7 45. Ra7 Re2 46. Kf3 Re6 47. Nd2 Kg8 48. Rd7 Rf6+ 49. Ke2 g4 50. Re7 d3+ 51. Ke3 Rf5 52. Re4 Rxh5 53. Rxg4 Rd5 54. Rc4 Kf7 55. f4 h5 56. Ke4 Ra5 57. Rc7+ Kf6 58. Kxd3 Ra3+ 59. Ke2 Bf8 60. Nf3 Bd6 61. Rc6 Ra2+ 62. Ke3 Ke6 63. Ke4 Re2+ 64. Kd4 Rg2 65. Ng5+ Kd7 66. Rb6 h4 67. gxh4 Bxf4 68. Nf3 Bg3 69. Rh6 Bxh4 70. Nxh4 Rg1 71. Nf3 Ra1 72. Ne5+ Ke7 73. Nd7 Rd1+ 74. Ke5 Re1+ 75. Kd5 Rd1+ 76. Ke5 Re1+ 1/2-1/2

[Event "GRE-chT 45th"]
[Site "Achaia"]
[Date "2017.07.03"]
[Round "1.4"]
[White "Papadopoulos, Argirios"]
[Black "Loutragotis, Dimitrios"]
[Result "1/2-1/2"]
[WhiteElo "2176"]
[BlackElo "2241"]
[PlyCount "97"]
[EventDate "2017.07.03"]
[EventType "team-swiss"]
[EventRounds "7"]
[EventCountry "GRE"]
[SourceTitle "CBM 179 Extra"]
[Source "ChessBase"]
[SourceDate "2017.08.23"]
[SourceVersion "1"]
[SourceVersionDate "2017.08.23"]
[SourceQuality "1"]
[WhiteTeam "Chania ADA"]
[BlackTeam "Glyfadas Zenon"]
[WhiteTeamCountry "GRE"]
[BlackTeamCountry "GRE"]

1. e4 e5 2. Nf3 Nc6 3. d4 exd4 4. Bc4 Bc5 5. Ng5 Nh6 6. Bxf7+ Nxf7 7. Nxf7 Kxf7 8. Qh5+ g6 9. Qxc5 Qe7 10. Qxe7+ Nxe7 11. Bg5 d6 12. Bxe7 Kxe7 13. c3 dxc3 14. Nxc3 Be6 15. 0-0 Rhf8 16. Rfd1 c6 17. f3 Rfd8 18. Rd4 Rd7 19. Kf2 Rad8 20. Rad1 d5 21. Ke3 dxe4 22. Rxd7+ Bxd7 23. Nxe4 Rf8 24. g4 Be6 25. Nc3 Re8 26. h4 h6 27. a3 Rf8 28. Rd2 Rb8 29. Ne4 Rf8 30. Ng3 Rc8 31. h5 g5 32. Nf5+ Bxf5 33. gxf5 Re8 34. Rd4 Kf6+ 35. Kf2 Re5 36. Rd6+ Kxf5 37. Rxh6 Rb5 38. b4 a5 39. bxa5 Rxa5 40. Rh7 Rxa3 41. Rf7+ Ke6 42. Rxb7 Ra4 43. Rc7 g4 44. Rxc6+ Kf7 45. Rc7+ Kg8 46. Rc5 gxf3 47. Kxf3 Kh7 48. Kg3 Kh6 49. Kf3 1/2-1/2

[Event "GRE-ch U20"]
[Site "Chania"]
[Date "2017.01.08"]
[Round "9"]
[White "Abelakiotis, Stavros"]
[Black "Papadopoulos, Argirios"]
[Result "0-1"]
[WhiteElo "1980"]
[BlackElo "2203"]
[PlyCount "72"]
[EventDate "2017.01.02"]
[EventType "swiss"]
[EventRounds "9"]
[EventCountry "GRE"]
[SourceTitle "EXT 2024"]
[Source "ChessBase"]
[SourceDate "2023.10.10"]
[SourceVersion "1"]
[SourceVersionDate "2023.10.10"]
[SourceQuality "1"]

1. e4 e5 2. Nf3 Nc6 3. Bb5 g6 4. c3 a6 5. Ba4 d6 6. d4 Bd7 7. d5 Nb8 8. Bxd7+ Nxd7 9. c4 Bg7 10. Nc3 Ne7 11. Be3 0-0 12. 0-0 h6 13. Nd2 f5 14. f3 f4 15. Bf2 g5 16. b4 Nf6 17. c5 h5 18. Nb3 Ng6 19. a4 g4 20. b5 Bh6 21. Na5 g3 22. hxg3 fxg3 23. Bxg3 h4 24. Bf2 Bf4 25. Nxb7 Qe7 26. cxd6 cxd6 27. Na5 Nh5 28. Ne2 Qg5 29. Nc4 Bg3 30. Nxd6 Ngf4 31. Nxf4 Nxf4 32. Kh1 h3 33. Qe1 hxg2+ 34. Kg1 Nh3+ 35. Kxg2 Nf4+ 36. Kg1 Bh2+ 0-1

[Event "GRE-ch U20"]
[Site "Chania"]
[Date "2017.01.06"]
[Round "7"]
[White "Kouskoutis, Georgios Alexandros"]
[Black "Papadopoulos, Argirios"]
[Result "1-0"]
[WhiteElo "2276"]
[BlackElo "2203"]
[PlyCount "53"]
[EventDate "2017.01.02"]
[EventType "swiss"]
[EventRounds "9"]
[EventCountry "GRE"]
[SourceTitle "EXT 2024"]
[Source "ChessBase"]
[SourceDate "2023.10.10"]
[SourceVersion "1"]
[SourceVersionDate "2023.10.10"]
[SourceQuality "1"]

1. e4 c5 2. Nf3 e6 3. d4 cxd4 4. Nxd4 Nf6 5. Nc3 d6 6. g4 a6 7. g5 Nfd7 8. h4 Be7 9. Be3 b5 10. a3 Bb7 11. f4 Nc6 12. Nxc6 Bxc6 13. Qd4 e5 14. Qd2 exf4 15. Bxf4 Ne5 16. 0-0-0 Qa5 17. Qd4 0-0 18. h5 Rab8 19. Nd5 Bxd5 20. Qxd5 Qc7 21. g6 Bf6 22. Qxd6 Qa7 23. gxh7+ Kh8 24. h6 Rbd8 25. hxg7+ Kxg7 26. Bh6+ Kg6 27. Bh3 1-0

[Event "EU-Cup 32nd"]
[Site "Novi Sad"]
[Date "2016.11.10"]
[Round "5.2"]
[White "Papadopoulos, Argirios"]
[Black "Elsness, Frode"]
[Result "0-1"]
[WhiteElo "2194"]
[BlackElo "2442"]
[PlyCount "57"]
[EventDate "2016.11.06"]
[EventType "team-swiss"]
[EventRounds "7"]
[EventCountry "SRB"]
[SourceTitle "CBM 176"]
[Source "ChessBase"]
[SourceDate "2017.01.17"]
[SourceVersion "1"]
[SourceVersionDate "2017.01.17"]
[SourceQuality "1"]
[WhiteTeam "Chania Chess Academy"]
[BlackTeam "Oslo SK 1911"]
[WhiteTeamCountry "GRE"]
[BlackTeamCountry "NOR"]

1. e4 e5 2. Nf3 Nc6 3. Bb5 a6 4. Ba4 Nf6 5. 0-0 Be7 6. Re1 b5 7. Bb3 d6 8. c3 0-0 9. h3 Nb8 10. d4 Nbd7 11. Nbd2 Bb7 12. Bc2 Re8 13. Nf1 Bf8 14. Ng3 g6 15. a4 c5 16. d5 c4 17. Bg5 Be7 18. Qd2 Nc5 19. Ra3 Nfd7 20. Bh6 Bf8 21. Nh2 Nxa4 22. Bxa4 bxa4 23. Rxa4 a5 24. Ng4 Kh8 25. Bxf8 Rxf8 26. f4 Qh4 27. Qf2 Nc5 28. fxe5 Nxa4 29. exd6 0-1

[Event "EU-Cup 32nd"]
[Site "Novi Sad"]
[Date "2016.11.08"]
[Round "3.2"]
[White "Papadopoulos, Argirios"]
[Black "Wantiez, Fabrice"]
[Result "0-1"]
[WhiteElo "2194"]
[BlackElo "2315"]
[PlyCount "90"]
[EventDate "2016.11.06"]
[EventType "team-swiss"]
[EventRounds "7"]
[EventCountry "SRB"]
[SourceTitle "CBM 176"]
[Source "ChessBase"]
[SourceDate "2017.01.17"]
[SourceVersion "1"]
[SourceVersionDate "2017.01.17"]
[SourceQuality "1"]
[WhiteTeam "Chania Chess Academy"]
[BlackTeam "Fontaine"]
[WhiteTeamCountry "GRE"]
[BlackTeamCountry "BEL"]

1. e4 e5 2. Nf3 Nc6 3. Bb5 a6 4. Ba4 d6 5. 0-0 Bd7 6. c3 Nge7 7. d4 Ng6 8. d5 Nb8 9. c4 Be7 10. Bxd7+ Nxd7 11. Nc3 h6 12. g3 Bg5 13. Ne1 Bxc1 14. Rxc1 0-0 15. Nd3 Qg5 16. Kh1 f5 17. exf5 Qxf5 18. Qe2 Rae8 19. Ne4 Nf6 20. f3 Re7 21. Ndf2 Nd7 22. Ng4 Ref7 23. b4 Ne7 24. Qd3 Qg6 25. c5 h5 26. cxd6 cxd6 27. Rc7 hxg4 28. Rxd7 Rxf3 29. Rxf3 gxf3 30. Rxe7 f2 31. Nxf2 Qf6 32. Rc7 Qxf2 33. Qd1 Qf5 34. Rc2 Qe4+ 35. Kg1 Qxb4 36. h4 e4 37. Kh2 e3 38. Qh5 Qe4 39. Rc7 Rf2+ 40. Kh3 Qh1+ 41. Kg4 Qd1+ 42. Kg5 Rf5+ 43. Kxf5 Qxh5+ 44. Ke6 Qe5+ 45. Kd7 e2 0-1